000 00646nam a2200229Ia 4500
003 OSt
005 20220918231040.0
006 a|||||r|||| 00| 0
007 ta
008 220917b |||||||| |||| 00| 0 eng d
024 _a262,733
037 _cTextual
040 _aARTS
_cARTS
_beng
041 _2eng
_aeng
082 _aR693, L4.2
100 _aSanghvi Sukhlal ji
_9153708
245 0 _aFundamental Problems of indian philosophy
260 _aNew Delhi
_bToday &Tomorrow's Printers &Publishers India
_c1974
650 _aPHILOSOPHY
942 _hR693, L4.2
_cTEXL
_2CC
999 _c289669
_d289669